MARC

LEADER 00000nam a22000004i 4500
001 28646
003 AGDB
005 20260324181528.0
008 241007e202407 spco|||g b||c|000 0dcat|c
017 |a B 13993-2024  |b Biblioteca de Catalunya 
020 |a 9788410144903 
040 |a ES-BaAHC  |b cat  |e rda  |c ES-BaAHC 
041 0 |a cat 
100 1 |a Vizcaíno Estevan, Tono,  |d 1985-  |e autor  |9 71784 
245 1 0 |a Ni Déu, ni Estat, ni Patró :   |b [l'anarquisme a la Catalunya contemporània] /   |c Tono Vizcaíno Estevan i Miguel Garau Rolandi [concepció de l'obra] ; [autoria dels textos : Miguel Garau Rolandi, Dolors Marin Silvestre, Tono Vizcaíno Estevan] 
246 1 0 |a Anarquisme a la Catalunya contemporània 
250 |a Primera edició 
264 1 |a Barcelona :   |b Memorial Democràtic de Catalunya ;   |c juliol de 2024 
300 |a 141 pàgines :   |b il·lustracions, fotografies ;   |c 24 cm 
336 |a text  |b txt  |2 rdacontent 
337 |a sense mediació  |b n  |2 rdamedia 
338 |a volum  |b nc  |2 rdacarrier 
490 1 |a Catàlegs del Memorial Democràtic ;   |v 02 
500 |a Catàleg de l'exposició celebrada a Barcelona, del 28/09/2023 al 18/02/2024. 
504 |a Referències bibliogràfiques. 
610 2 0 |a Memorial Democràtic (Catalunya)  |v Exposicions  |2 lemac  |9 52410 
650 0 |a Anarquisme  |z Catalunya  |x Història  |v Exposicions  |2 lemac  |9 71788 
650 0 |a Anarquisme  |z Catalunya  |9 71787 
650 0 |a Anarquisme  |z Catalunya  |x Història  |9 71786 
655 7 |a Catàlegs d'exposicions  |2 thub  |9 69807 
700 1 |a Garau Rolandi, Miguel,  |d 1981-  |e autor  |9 71785 
700 1 |a Marín, Dolors,  |e contribuïdor  |9 49994 
710 2 |a Memorial Democràtic (Catalunya)  |e institució d'acollida,  |e entitat editoria  |9 52410 
908 |a AHCB  |a UPF  |a BMON  |a BAB  |a BPC  |a UB  |a UAB  |a CLR  |a UdL  |a ANC  |a MD 
940 |a AHCB 
942 |2 udc  |c ARXIU  |n 1 
952 |0 0  |1 0  |4 0  |6 BIB1251  |7 1  |9 97574  |a Arxiu  |b Arxiu  |d 2024-11-25  |l 0  |o Bib-1251  |p 28646  |r 2024-11-25 00:00:00  |w 2024-11-25  |y ARXIU 
999 |c 129453  |d 129453